000 00616nam a2200181 4500
001 126594
003 ES-MaACL
005 20230906192839.0
007 t|
008 070214s1971 sp r ||||1| spa d
100 1 _aReuter, Hans.
_996380
245 1 0 _aNuevos métodos de transformación industrial de la carne /
_cHans Reuter, Günter Heinz ; traducción de José Romero Muñoz de Arenillas.
260 _aZaragoza :
_bAcribia,
_c1971.
300 _a103 p. :
_bil. ;
_c22 cm.
700 1 _aHeinz, Günter.
_962391
700 1 _aRomero Muñoz de Arenillas, José.
_999418
852 _aES-MaACL
_jC-44640
_bR.76785
999 _c126594
_d126594